Highlight upper intermediate : student's book /

Guardado en:
Autor Principal: Vince, Michael
Formato: Libro
Publicado: Estados Unidos de América : Heinemann, 1992
Materias:
Etiquetas: Agregar Etiqueta
Sin Etiquetas, Sea el primero en etiquetar este registro!
LEADER 00486nam a22001695a 4500
001 CEM.cems007334
005 20060214000000.0
008 130507s1992##################000#0#####d
003 CEMS
082 0 4 |a 428.64 
100 1 |a Vince, Michael 
245 1 0 |a Highlight upper intermediate :  |b student's book / 
260 |a Estados Unidos de América :  |b Heinemann,  |c 1992 
300 |a 120 p. 
653 |a Ingles 
653 |a Ingles-textos 
859 |a CEMS  |b BIB. CEMS - 11 de abril  |h 428.64  |i V742  |p 17169.93  |t Ej.1